| 000 | 00432nam a2200145Ia 4500 | ||
|---|---|---|---|
| 003 | GCL | ||
| 008 | 140319s9999 xx 000 0 ara d | ||
| 040 |
_aGCL / _cGCL |
||
| 082 | 0 | 4 |
_a276.45 _bج.ن |
| 100 | 1 | _aجوزيف صابر | |
| 245 | 1 | 0 |
_aمن الصداقة الى الزواج / _cجوزيف صابر |
| 260 |
_a[S.N] : _bدار الثقافة العربية ، _c1992 |
||
| 300 | _a84 ص | ||
| 490 |
_aكتب للشباب _v0 |
||
| 999 |
_c53213 _d53213 |
||